Hacia una mejor comprensión de la expresión τὰ ἅγια “santuario” en el contexto de hebreos 9:12

Gorde:
Xehetasun bibliografikoak
Egile nagusia: Muñoz Tapia, Christian Ignacio
Erakunde egilea: Universidad Adventista de Chile. Facultad de Teología
Beste egile batzuk: Pizarro Rosales, Juan Carlos (Profesor Guía.)
Formatua: Thesis Liburua
Hizkuntza:gaztelania
Argitaratua: Chillán, Chile. 2008.
Gaiak:
Sarrera elektronikoa:Visualizar y Descargar desde Repositorio Biblioteca UnACh.
Etiketak: Etiketa erantsi
Etiketarik gabe, Izan zaitez lehena erregistro honi etiketa jartzen!

MARC

LEADER 00000nam a2200000 a 4500
003 CL-ChBUA
005 20240627121152.0
007 t|
008 090723s2008 cl ||||| |||| ||||||spa
040 |a CL-ChBUA  |c CL-ChBUA 
090 |a T/G Lic. Teol.   |b M 967  |c 2008. 
100 1 |a Muñoz Tapia, Christian Ignacio. 
245 1 0 |a Hacia una mejor comprensión de la expresión τὰ ἅγια “santuario” en el contexto de hebreos 9:12  |b    |c Christian Ignacio Muñoz Tapia; Profesor Guía: Juan Carlos Pizarro Rosales  |h TESIS. 
260 |a Chillán, Chile.  |c 2008. 
300 |a 70 pág.  |b tablas  |e 1 CD-ROM. 
336 |2 rdacontent  |a text  |b txt 
337 |2 rdamedia  |a computer  |b c 
338 |2 rdacarrier  |a computer disc  |b cd 
500 |a CD-ROM contiene el Tesis en formato digital. 
502 |a Tesis para optar al título de Teólogo y el grado de Licenciado en Teología. Universidad Adventista de Chile, Chillán, 2008. 
504 |a Bibliografía: h 67-70 
504 |a Anexos: h. 64-66 
505 |a Resumen: La RVR, con sus tres diferentes interpretaciones de la expresión τὰ ἅγια muestra una traducción ambigua, sobre todo en relación con Heb 9: 121 , donde la afirmación de que Jesús entró en el "Lugar Santísimo", sería una interpretación que llevaría a desacreditar la doctrina adventista del juicio celestial. La afirmación de que Cristo entró en el Lugar Santísimo cuando ascendió al cielo, tiene la problemática de saber, si es que permaneció en ese departamento para siempre o fue en un momento especial. El problema radica más bien en la interpretación individual de una frase confusa, empleada por judíos y cristianos helenistas en el primer siglo, para referirse al santuario entero o a parte del mismo. 
650 4 |a SANTUARIO.  |x DOCTRINA. 
650 4 |a HEBREOS (EPÍSTOLA).  |x COMENTARIO. 
700 |a Pizarro Rosales, Juan Carlos  |e Profesor Guía. 
710 |a Universidad Adventista de Chile.  |b Facultad de Teología. 
856 |u https://repositoriobiblio.unach.cl/entities/publication/422fb1b3-ebf8-4921-84aa-32c2011c2662  |z Visualizar y Descargar desde Repositorio Biblioteca UnACh. 
942 |c LTS  |2 ddc 
945 |0 drb (actualización) 
952 |0 0  |1 0  |4 0  |7 0  |9 62391  |a UNACH  |b UNACH  |c Hemeroteca  |d 2009-07-23  |i 43.376  |l 4  |o Sem. Lic. Teol. / M 967 2008 UNACH CD.  |p 63526  |r 2018-04-02 00:00:00  |s 2018-03-29  |u 62391  |w 2012-08-08  |y LTS  |k Sem. Lic. Teol. / M 967 2008 UNACH CD. 
999 |c 26438  |d 26438